Major developments in European integration in 2008

European qualifications framework (EQF) - celoživotné vzdelávanie a mobilita prijatá Európskym parlamentom a Radou v apríli 2008. Colná únia (1968 - 2008). Ekonomická integrácia, spoločný trh, voľný pohyb tovaru, služieb, osôb, kapitálu. Rozšírenie Európskej únie. Spoločná obchodná politika, Spoločn...

ver descrição completa

Na minha lista:
Detalhes bibliográficos
Autor principal: Báráňová-Čiderová, Denisa, 1977-
Outros Autores: Kittová, Zuzana, 1975-
Formato: Capítulo de Livro
Idioma:inglês
Assuntos:
Tags: Adicionar Tag
Sem tags, seja o primeiro a adicionar uma tag!

MARC

LEADER 00000naa$a2200000$$$4500
001 0080204
005 20240502083217.5
041 0 |a eng 
044 |a CZ 
245 1 0 |a Major developments in European integration in 2008  |c Denisa Báráňová-Čiderová, Zuzana Kittová 
520 |a European qualifications framework (EQF) - celoživotné vzdelávanie a mobilita prijatá Európskym parlamentom a Radou v apríli 2008. Colná únia (1968 - 2008). Ekonomická integrácia, spoločný trh, voľný pohyb tovaru, služieb, osôb, kapitálu. Rozšírenie Európskej únie. Spoločná obchodná politika, Spoločná poľnohospodárska politika. Komputerizácia. 
610 2 0 |a integrácia ekonomická medzinárodná 
610 2 0 |a vzdelávanie celoživotné 
610 2 0 |a trh spoločný 
610 2 0 |a komputerizácia 
610 2 0 |a Európska únia 
610 2 0 |a 2008 
100 1 |a Báráňová-Čiderová, Denisa, 1977- 
700 1 |a Kittová, Zuzana, 1975-